000 01601nam a2200217Ia 4500
001 15670
003 GE_BSU
008 181216s||||||||xx |||||||||||||| ||und||
040 _cGE_BSU
080 _a821.353.1(აგიოგრ.)+ 821.353.1-97
100 _aიაკობ, ცურტაველი
245 _aშუშანიკის წამება
245 _cშემდგ. და რედ.: ოთარ ეგაძე ; ძვ. ქართ. ტექსტის ასლი ე. მაჭავარიანისა ; ილ.: მ. მალაზონია, ბ. ბერძენიშვილი ; რუს. თარგმანი კ. კეკელიძისა ; ილ.: ო. ქოჩაკიძე, ა. სლოვინსკი, ი. ჩიკვაიძე ; ლათ. თარგმანი რ. პეტერსის ; ილ.: ლ. ცუცქირიძე ; ინგლ. თარგმანი ე. ფულერის ; ილ.: ზ. ნიჟარაძე ; ფრ. თარგმანი ს. წულაძ
260 _aთბილისი
260 _bხელოვნება
260 _c1983
300 _a346გვ. : ილ. ; 29სმ
520 _aტექსტი ნუსხური და მხედრული შრიფტით. - ტექსტი ძვ. ქართ., ქართ., რუს., ლათინ., ინგლ., ფრანგ., ესპ. და გერმ. ენებზე.
653 _aშუშანიკის წამება
942 _cBK
999 _c48769
_d48769